| 000 | 01194 a2200337 4500 | ||
|---|---|---|---|
| 001 | 66927 | ||
| 003 | TR-AnTOB | ||
| 005 | 20251120163005.0 | ||
| 008 | 110622s2007 tu 000 0 d | ||
| 020 | _a9755857572 (pbk.) | ||
| 035 | _a66927 | ||
| 040 |
_aTR-AnTOB _beng _erda _cTR-AnTOB |
||
| 041 | 1 |
_atur _hfre |
|
| 050 |
_aHV7431 _b.S5320 2007 |
||
| 090 | _aHV7431 .S5320 2007 | ||
| 100 |
_aShaw, Margaret _932535 |
||
| 240 | 1 | 0 |
_aInvestır dans les jeunes, approches internationales de la prevention du crime et de la victimisation. _lTurkish |
| 245 | 0 |
_aGençlere yatırım : _bsuçun önlenmesi ve mağduriyete uluslararası yaklaşımlar / _cMargaret Shaw ; çeviren Itibar Ugurlu. |
|
| 264 | 1 |
_aAnkara : _bEmniyet Genel Müdürlüğü, _c2007. |
|
| 300 |
_a70 pages : _btables ; _c24 cm |
||
| 490 | 0 |
_aEmniyet Genel Müdürlüğü ; _vNo 426. |
|
| 490 | 0 |
_aStrateji Geliştirme Daire Baskanlığı ; _vNo 257 |
|
| 650 | 7 |
_aSuç önleme _2etuturkob _932538 |
|
| 650 | 7 |
_aKriminoloji _2etuturkob _9115987 |
|
| 700 |
_aUğurlu, İtibar _932536 |
||
| 710 |
_aTürkiye. _bEmniyet Genel Müdürlüğü _945058 |
||
| 901 | _a0022934, 0022935, 0022936 | ||
| 902 | _aMÇ | ||
| 942 |
_cBK _2lcc |
||
| 999 |
_c66927 _d600 |
||